The Lives and Legend of Jacques Lacan /

Hlavní autor: Clément, Catherine, 1939-
Jazyk: Angličtina
Vydáno: New York : Columbia University Press, 1983
Fyzický popis: 8, 225 s.
Knihy
Uloženo v:
LEADER 00690nam a22002052a 4500
001 000180347
003 CZ BrMZK
005 19961101143423.0
007 ta
008 950101s1983 xxu f eng d
040 |a BOA001  |b cze 
080 |a 159.964.26(44)"19":92 Lacan, Jacques  |2 MRF 
100 1 |a Clément, Catherine,  |d 1939-  |7 xx0002661  |4 aut 
245 1 4 |a The Lives and Legend of Jacques Lacan /  |c Catherine Clément. 
260 |a New York :  |b Columbia University Press,  |c 1983 
300 |a 8, 225 s. 
765 0 |t Vies et légendes de Jacques Lacan 
910 |a BOA001  |b 2-0904.101 
990 |a BK 
996 7 |b 2619944728  |c 2-0904.101  |l MZK  |r Sklad / do 1 hodiny  |n 12  |w 000180347  |u 000010  |a 1  |e BOA001  |j MZK50  |s A